Actas del IX Congreso Nacional (Registro nro. 15778)

Detalles MARC
000 -LEADER
campo de control de longitud fija 01024nam a2200229 i 4500
001 - NÚMERO DE CONTROL
campo de control 15778
003 - IDENTIFICADOR DE NÚMERO DE CONTROL
campo de control ES-MaACL
005 - FECHA Y HORA DE LA ÚLTIMA TRANSACCIÓN
campo de control 20230906151141.0
007 - CAMPO FIJO DE DESCRIPCIÓN FÍSICA--INFORMACIÓN GENERAL
campo de control de longitud fija t|
008 - DATOS DE LONGITUD FIJA--INFORMACIÓN GENERAL
campo de control de longitud fija 000508s1986 sp ||||1| spa d
080 ## - NÚMERO DE LA CLASIFICACIÓN DECIMAL UNIVERSAL
Número de la Clasificación Decimal Universal 811.111(063)
080 ## - NÚMERO DE LA CLASIFICACIÓN DECIMAL UNIVERSAL
Número de la Clasificación Decimal Universal 821.111.09(063)
080 ## - NÚMERO DE LA CLASIFICACIÓN DECIMAL UNIVERSAL
Número de la Clasificación Decimal Universal 821.111(73).09(063)
110 2# - ENTRADA PRINCIPAL--NOMBRE DE ENTIDAD CORPORATIVA
Nombre de entidad corporativa o nombre de jurisdicción como elemento de entrada Asociación Española de Estudios Anglo-Norteamericanos.
Unidad subordinada Congreso (
Número del congreso/reunión o número de parte o sección 9º.
Fecha del congreso o de la firma del tratado 1985.
Sede del congreso/Lugar de la reunión Murcia)
9 (RLIN) 1662
245 10 - MENCIÓN DEL TÍTULO
Título Actas del IX Congreso Nacional
Resto del título : Murcia, 17-20 de diciembre de 1985 : "Aspectos comparativos en la lengua y literatura de habla inglesa" : Asociación Española de Estudios Anglo-Norteamericanos.
260 ## - PUBLICACIÓN, DISTRIBUCIÓN, ETC.
Lugar de publicación, distribución, etc. Murcia :
Nombre del editor, distribuidor, etc. Departamento de Filología Inglesa de la Universidad de Murcia,
Fecha de publicación, distribución, etc. D.L. 1986.
300 ## - DESCRIPCIÓN FÍSICA
Extensión 240 p. ;
Dimensiones 22 cm.
650 14 - PUNTO DE ACCESO ADICIONAL DE MATERIA--TÉRMINO DE MATERIA
Término de materia o nombre geográfico como elemento de entrada Filología inglesa-
Subdivisión de forma Congresos y asambleas.
9 (RLIN) 12799
650 #4 - PUNTO DE ACCESO ADICIONAL DE MATERIA--TÉRMINO DE MATERIA
Término de materia o nombre geográfico como elemento de entrada Literatura norteamericana-
Subdivisión de forma Congresos y asambleas.
9 (RLIN) 14642
710 2# - ENTRADA AGREGADA--NOMBRE DE ENTIDAD CORPORATIVA
Nombre de entidad corporativa o nombre de jurisdicción como elemento de entrada Universidad de Murcia.
Unidad subordinada Departamento de Filología Inglesa.
9 (RLIN) 7233
852 ## - LOCALIZACIÓN
Ubicación ES-MaACL
Número de control de estantería L-22942
Sublocalización o colección R.123755
Existencias
Estatus retirado Estado de pérdida Estado de daño No para préstamo Biblioteca de origen Biblioteca actual Ubicación en estantería Fecha de adquisición Fuente de adquisición Total de préstamos Signatura topográfica completa Código de barras Visto por última vez Precio de reemplazo Tipo de ítem Koha
        Biblioteca del Ateneo de Madrid Biblioteca del Ateneo de Madrid Depósito 2 17/01/2008     L-22942 1016037 23/02/2023 23/02/2023 Libro impreso